Apuntes de la asignatura telemática /

Uloženo v:
Podrobná bibliografie
Další autoři: Beneit, Pablo (autor) (autor)
Médium: Kniha
Jazyk:španělština
Vydáno: Valencia, España : Universidad Politécnica de Valencia, 1995, c1995
Témata:
Tagy: Přidat tag
Žádné tagy, Buďte první, kdo vytvoří štítek k tomuto záznamu!

MARC

LEADER 00000nam^a2200000^a^4500
001 000053128
005 20250521000000.0
009 20260526115502.163
037 |a Acervo ITESO - Biblioteca 
041 |a ESP 
082 |a 621. 38217  |b APU 
245 0 0 |a Apuntes de la asignatura telemática /  |c P. Beneit... [et al.]. 
264 4 |a Valencia, España :  |b Universidad Politécnica de Valencia,  |c 1995, c1995 
300 |a 179 p. 
336 |a texto  |b txt  |2 rdacontenido 
337 |a sin mediación  |b n  |2 rdamedio 
338 |a volumen  |b nc  |2 rdasoporte 
649 |a XX 
650 |a Protocolos de Comunicación 
650 |a Redes de Area Extensa 
650 |a Redes de Area Local 
650 |a Redes de Computadoras 
650 |a Comunicación en Red 
650 |a Señales y Transmisión de Señales 
650 |a Ancho de Banda 
650 |a Transmisión de Datos 
650 |a Proceso de Comunicación 
650 |a Sistemas de Telecomunicación 
650 |a Telecomunicaciones 
650 |a Comunicaciones y Tránsito 
650 |a Ingeniería Computacional 
700 |a Beneit, Pablo  |e (autor) 
910 |a Fondo General 
920 |a Impresos - Libros 
930 |a Colección General 
905 |a 101 
901 |a 0500010899  |b IT1  |c ACC  |u 20250521 
902 |a https://opac.biblio.iteso.mx/vufind/Record/000053128